000 03089cam a22004694i 4500
003 PE-LiUPU
005 20250731165442.0
008 160913s2016 pe a grm 000 0 spa d
035 _a(Sirsi) a163403
040 _aPE-LiUPU
_bspa
_cPE-LiUPU
_erda
099 _aTEF 2
_bB26 2016
100 1 _aBastidas Chuquillanqui, Jairo,
_eautor
245 1 _aTipos de colostomía según su localización y la calidad de vida en los pacientes colostomizados que asisten al consultorio externo de cirugía general del Hospital Nacional Guillermo Almenara Irigoyen, Lima, 2015 /
_cJairo Bastidas Chuquillanqui.
264 0 _c2016.
300 _a126 hojas :
_bilustraciones;
_c30 cm
336 _atext
_2rdacontent
337 _aunmediated
_2rdamedia
338 _avolume
_2rdacarrier
502 _aTesis
_b(Lic.) --
_cUniversidad Peruana Unión,
_d2016.
504 _aIncluye bibliografía
520 3 _aEl objetivo: Determinar la relación entre los tipos de colostomía según su localización y la calidad de vida en los pacientes colostomizados. Material y métodos: estudio de enfoque cuantitativo, diseño no experimental, de tipo correlacional, transversal. El tipo de muestreo fue no probabilístico, por conveniencia bajo criterios de inclusión y exclusión. La muestra estuvo constituida por 90 pacientes colostomizados. Se usó el cuestionario SF36 para medir la calidad de vida y para el tipo de colostomía según su localización, se utilizó una guía de evaluación. Resultados: Se evidenció que existe relación entre colostomía ascendente, transverso y calidad de vida en la dimensión física y mental con p=0,031 y 0,011 y p= 0,008 y 0,007, respectivamente. En cuanto a colostomía descendente y calidad de vida en la dimensión física no existe relación (p= 0,286) y en la dimensión mental existe relación (p=0,031), asimismo, en la colostomía sigmoidea y calidad de vida en las dimensiones física y mental no existe relación (p=0,210 y 0,340). Existe relación entre el tiempo de permanencia de la colostomía y la calidad de vida (p=0,036). La calidad de vida global de los pacientes colostomizados es de nivel bajo 27,8%, medio 51,5% y alto 13,4%. Conclusión: Los tipos de colostomizados se relacionan significativamente (pvalue=0,028), ya que estos pacientes experimentan situaciones desagradables debido a los cambios fisiológicos, dietéticos, psicológicos, estéticos, sociales y económicos que experimentan tras la cirugía.
526 _aSEG44
526 _aSEG26
526 _aP151
526 _aP150
526 _aP149
526 _aP146
526 _aP145
526 _aP126
526 _aP125
526 _aP92
526 _aP75
526 _aP74
526 _aP27
526 _aP15
650 0 4 _aPacientes colostomizados
_xCalidad de vida
650 0 4 _aColostomía
700 1 _aGalarza Ríos, Jhoselyn,
_eautor
596 _a1
942 _2ddc
_cTESIS
999 _aTEF 2 B26 2016
_wALPHANUM
_c12283
_iT02023
_lCCODEBUL3
_mBUL
_r1
_sY
_tTESIS
_u2016-9-13
_xSALUD
_PP22
_o.STAFF. Tesis
_d12283
980 _81
_gALBERTO SANCHEZ Responsable de Automatización